00872nam a2200253 a 450000100060000000300080000600500170001400800390003102000150007003500190008504000320010404100080013608200220014410000270016624500410019325000120023426000550024630000380030150400510033965000370039094200120042799900170043995201620045631902BD-RjUL20211209051750.0140422s1996 njua b 001 0 eng a0132065258 a(BD-RjUL)31990 aDLCcDLCdDLCdBD-RjULbeng aeng00a155220bCRH 19961 aCraig, Grace J.99710810aHuman development /cGrace J. Craig. a7th ed. aUpper Saddle River, N.J. :bPrentice Hall,cc1996. axx, 760 p. :bcol. ill. ;c29 cm. aIncludes bibliographical references and index. 0aDevelopmental psychology.997109 2ddccBK c31902d31902 00102ddc40718NFICaRUCLbRUCLcReadingd1998-04-27eAhsania Mission Book House, Dhakag2674.85l0o155 CRH 1996r2014-04-22 00:00:00tC-1w2014-04-22yBK